Cars and Vehicles by Tesla - Statistics

General Stats
  • This quiz has been taken 1,097 times
    972 since last reset
  • The average score is 6 of 7
Answer Stats
Car % Correct
Model X
95%
Model S
93%
Model Y
92%
Model 3
87%
Cybertruck
82%
Roadster
76%
Tesla Semi
28%
No matching quizzes found
Score Distribution
Percent of People with Each Score
Percentile by Number Answered
Your Score History
You have not taken this quiz since the last reset